Rich Dad Poor Dad (Record no. 585595)

MARC details
000 -LEADER
fixed length control field 00339nam a22001457a 4500
008 - FIXED-LENGTH DATA ELEMENTS--GENERAL INFORMATION
fixed length control field 250906b |||||||| |||| 00| 0 eng d
020 ## - INTERNATIONAL STANDARD BOOK NUMBER
ISBN 9780446611091
Paper back/Hardbound pbk
041 ## - LANGUAGE CODE
Language code of text/sound track or separate title eng
082 ## - DEWEY DECIMAL CLASSIFICATION NUMBER
Classification number 332.024
Item number KIY
100 ## - MAIN ENTRY--AUTHOR NAME
Personal name Kiyosaki, Robert T.
245 ## - TITLE STATEMENT
Title Rich Dad Poor Dad
300 ## - PHYSICAL DESCRIPTION
Number of Pages 266p.
942 ## - ADDED ENTRY ELEMENTS (KOHA)
Koha item type English Books
Holdings
Withdrawn status Lost status Damaged status Not for loan Home library Current library Shelving location Date acquired Full call number Accession Number Price effective from Koha item type
        Anna Centenary Library Anna Centenary Library 4TH FLOOR, A WING 06.09.2025 332.024 KIY 361628 06.09.2025 English Books

Find us on the map